| Tag |
First Indicator |
Second Indicator |
Subfields |
| LEADER |
00000cam a2200000 4500 |
| 001 |
in00000051605 |
| 005 |
20151007072033.0 |
| 008 |
721115s1963 nyuab b 00000 eng |
| 010 |
|
|
|a 63018623
|
| 035 |
|
|
|a (OCoLC)00494690
|
| 035 |
|
|
|9 AAE7116AM
|
| 040 |
|
|
|a DLC
|c WSU
|d OCL
|d TXA
|d UtOrBLW
|
| 049 |
|
|
|a TXAM
|c [635569]
|
| 050 |
|
0 |
|a JA76
|b .D3
|
| 082 |
0 |
|
|a 320.1
|
| 100 |
1 |
|
|a Davies, James Chowning,
|d 1918-2012.
|
| 245 |
1 |
0 |
|a Human nature in politics ;
|b the dynamics of political behavior.
|
| 264 |
|
1 |
|a New York :
|b Wiley,
|c [1963]
|
| 300 |
|
|
|a xi, 403 pages :
|b illustrations, maps.
|
| 336 |
|
|
|a text
|b txt
|2 rdacontent
|
| 337 |
|
|
|a unmediated
|b n
|2 rdamedia
|
| 338 |
|
|
|a volume
|b nc
|2 rdacarrier
|
| 504 |
|
|
|a "List of sources with occasional comments": pages 367-381.
|
| 650 |
|
0 |
|a Political psychology.
|
| 650 |
|
0 |
|a Social psychology.
|
| 650 |
|
0 |
|a Social history.
|
| 999 |
|
|
|a MARS
|
| 999 |
f |
f |
|s 7dd07c6a-0417-3123-9b65-86e7cadceab9
|i e862e47b-1ae6-36b8-91d6-44d9b93a027c
|t 0
|
| 952 |
f |
f |
|p ric
|a Texas A&M University
|b Rellis Campus
|c Joint Library Facility
|d Remote Storage
|t 0
|e JA76 .D3
|h Library of Congress classification
|i unmediated -- volume
|m A14803066272
|
| 998 |
f |
f |
|a JA76 .D3
|t 0
|l Remote Storage
|